000
00216 a2200097 4500
001
10946
100
_a
Savnders, M.
245
_a
Class Control and Behaivor Problem
260
_a
_b
Tata Hile
_c
090
_c
8515
_d
8515
942
_a
NUST-CAE
_c
M
_c
35284
999
_c
246019
_d
246019